Effects of water storage on seed germination and seedling growth of rubber (Hevea brasiliensis Muell Arg.) (Record no. 49220)

MARC details
000 -LEADER
fixed length control field 00519nam a2200181Ia 4500
100 ## - MAIN ENTRY--AUTHOR NAME
Personal name Mercykutty V.C.
245 #0 - TITLE STATEMENT
Title Effects of water storage on seed germination and seedling growth of rubber (Hevea brasiliensis Muell Arg.)
260 ## - PUBLICATION, DISTRIBUTION, ETC. (IMPRINT)
Name of publisher The Planter
Year of publication 1996
300 ## - PHYSICAL DESCRIPTION
Number of Pages 367-373
650 ## - SUBJECT ADDED ENTRY--TOPICAL TERM
Topical Term Germination
650 ## - SUBJECT ADDED ENTRY--TOPICAL TERM
Topical Term Rubber seed
650 ## - SUBJECT ADDED ENTRY--TOPICAL TERM
Topical Term Water storage
700 ## - ADDED ENTRY--PERSONAL NAME
Personal name Premakumari D.
700 ## - ADDED ENTRY--PERSONAL NAME
Personal name Saraswathyamma C.K.
700 ## - ADDED ENTRY--PERSONAL NAME
Personal name Thomas V.
942 ## - ADDED ENTRY ELEMENTS (KOHA)
Koha item type Bibliography STAF
Holdings
Withdrawn status Lost status Damaged status Not for loan Home library Current library Shelving location Date acquired Serial Enumeration / chronology Koha item type
      Bibliography RRII Library RRII Library Botany 09/04/2014 Volume 72, Issue Bibliography STAF